000 01333nam a2200325 c 4500
999 _c88838
_d88838
003 BLK
005 20200820144910.0
008 180408b bul|||||r ||||||| ||bul||
010 _aKNG00093531000
020 _a978-954-529-548-5
040 _aBLK
041 _aBUL
_cBUL
080 _aПортугалска литература
_b821.134.3
_x-31
_z821.134.3-31
100 1 _aСарамагу, Жузе
_eпърви автор
_9283459
139 _aСарамагу, Жузе
_bС 20
245 1 0 _aЕвангелието по Исуса Христа
_bРоман
_cЖузе Сарамагу; * Жозе Сарамаго; прев. от португ. Даринка Кирчева.
257 _aPG
260 _bКолибри
_c2007
_fСофия : Симолини
300 _a366 с.
_c20 см
380 _aX
490 1 _aСъвременна европейска проза
500 _aОриг. загл. Evangelho segundo Jesus Cristo / Jose Saramago.
700 1 _aСарамаго, Жозе
_e*
_gСарамагу, Жузе
_9118946
700 1 _aКирчева, Даринка Костадинова
_9260622
852 _aЦб 246518
856 4 _qpdf
856 4 _qpdf
942 _cKNG
_n0
_06
944 _aCR
_c18.01.2010
_lф /
_kГеновева_Генчева
944 _aED
_c18.02.2010
_lф /
999 _d88838
999 _d88838